000 00867nam a2200277 a 4500
001 000024851
003 DO-SdBNP
005 20220613100916.0
007 ta
008 110207s1975 sp r 000 0 spa d
020 _a8432505498
040 _aDO-SdBNP
_bspa
_cBNPHU
082 4 _a947
_bM418u
_222
100 1 _aMassis, Henri.
_c1886-1970.
_951000
245 1 0 _aLa U. R. S. S. al desnudo /
_cHenri Massis.
260 _a[Madrid, España] :
_bDoncel,
_c1975.
300 _a210, [6] p. ;
_c19 cm.
490 1 _aEl libro de bolsillo doncel
_v82
500 _aIncluye notas al pie de las páginas
504 _aIncluye referencias bibliográficas
651 4 _aRusia
_xHistoria
_941633
651 4 _aRusia
_xPolítica Y Gobierno
_941632
651 4 _aRusia
_xDescripciones Y Viajes
_951001
830 0 _aEl libro de bolsillo doncel ;
_v82
_98628
942 _2ddc
_cLBS1
999 _c24344
_d24344